000 00307nam a22001337a 4500
020 _a81-243-0164-6
082 _a823
_bSAM/V
100 _aSAMPAT, C K
245 _aVIKAS STORIES FOR CHILDREN
260 _aMUMBAI
_bNAVEET PUBLICATIONS
300 _a32
650 _aENGLISH SHORT STORY
_zMUMBAI
942 _cBK
999 _c3346
_d3346